书目信息 |
| 题名: |
有机合成原理与工艺
|
|
| 作者: | 吴建一 , 缪程平 , 宗乾收 , 刘丹 编著 | |
| 分册: | ||
| 出版信息: | 北京 化学工业出版社 2015 |
|
| 页数: | 181页 | |
| 开本: | 24cm | |
| 丛书名: | ||
| 单 册: | ||
| 中图分类: | O621.3 , TQ02 | |
| 科图分类: | ||
| 主题词: | 有机合成--you ji he cheng--理论 , 有机合成--you ji he cheng--工艺学 | |
| 电子资源: | ||
| ISBN: | 978-7-122-25169-5 | |
| 000 | 01266nam0 2200337 450 | |
| 001 | 012001000872 | |
| 005 | 20131106194626.0 | |
| 010 | @a978-7-122-25169-5@dCNY35.00 | |
| 099 | @aCAL 012015139830 | |
| 100 | @a20151016d2015 em y0chiy50 ea | |
| 101 | 0 | @achi |
| 102 | @aCN@b110000 | |
| 105 | @aak a 000yy | |
| 106 | @ar | |
| 200 | 1 | @a有机合成原理与工艺@Ayou ji he cheng yuan li yu gong yi@f吴建一 ... [等] 编著 |
| 210 | @a北京@c化学工业出版社@d2015 | |
| 215 | @a181页@c图@d24cm | |
| 300 | @a嘉兴学院2013年重点教材建设项目 | |
| 304 | @a题名页题其余责任者: 缪程平, 宗乾收, 刘丹 | |
| 320 | @a有书目 | |
| 330 | @a本书从有机化学基础知识入手, 系统介绍了有机合成的相关机理, 并将有机合成理论与实践相结合, 系统性较强。全书共9章, 主要内容包括: 有机合成的历史、有机合成基础知识、碳-碳单键的形成、碳-碳双键的形成、氧化反应、还原反应、重排反应、杂环的形成和有机合成设计。 | |
| 606 | 0 | @a有机合成@Ayou ji he cheng@x理论 |
| 606 | 0 | @a有机合成@Ayou ji he cheng@x工艺学 |
| 690 | @aO621.3@v5 | |
| 690 | @aTQ02@v5 | |
| 701 | 0 | @a吴建一@Awu jian yi@4编著 |
| 701 | 0 | @a缪程平@Amou cheng ping@4编著 |
| 701 | 0 | @a宗乾收@Azong qian shou@4编著 |
| 701 | 0 | @a刘丹@Aliu dan@4编著 |
| 801 | 0 | @aCN@b北京卓展文化@c20191020 |
| 905 | @b1197036-9@dO621.3@e110@f4 | |
| 有机合成原理与工艺/吴建一 ... [等] 编著.-北京:化学工业出版社,2015 |
| 181页:图;24cm |
| 嘉兴学院2013年重点教材建设项目 |
| ISBN 978-7-122-25169-5:CNY35.00 |
| 本书从有机化学基础知识入手, 系统介绍了有机合成的相关机理, 并将有机合成理论与实践相结合, 系统性较强。全书共9章, 主要内容包括: 有机合成的历史、有机合成基础知识、碳-碳单键的形成、碳-碳双键的形成、氧化反应、还原反应、重排反应、杂环的形成和有机合成设计。 |
| ● |
| 相关链接 |
|
|
|
|
正题名:有机合成原理与工艺
索取号:O621.3/110
 
预约/预借
| 序号 | 登录号 | 条形码 | 馆藏地/架位号 | 状态 | 备注 |
| 1 | 1197036 | 211970367 | 第二样本阅览室/ [索取号:O621.3/110] | 在馆 | |
| 2 | 1197037 | 211970376 | 第三借阅区/ [索取号:O621.3/110] | 在馆 | |
| 3 | 1197038 | 211970385 | 第三借阅区/ [索取号:O621.3/110] | 在馆 | |
| 4 | 1197039 | 211970394 | 第三借阅区/ [索取号:O621.3/110] | 在馆 |